Devine les prénom de ces personnage version Princesse Sofia - Statistiques

Statistiques générales
  • Ce quiz a été pris 21 fois
  • Le résultat moyen est 6 sur 16
Statistiques - réponses
Par images Réponse % Correct
Sofia
100%
Ambre
95%
Clovis
58%
James
58%
Ambroise
42%
Cedric
42%
Roland
32%
Miranda
26%
Mia
21%
Ruby
21%
Viviane
21%
Clio
11%
Hildegard
11%
Lucida
5%
Oona
5%
Robin
5%
Aucun quiz correspondant
Distribution des résultats
% des personnes avec chaque résultat
Percentile par nombre de réponses
Votre historique - résultats
Vous n’avez pas pris ce quiz